Statistics for New England States

Click here to take the quiz!

General Stats

  • This quiz has been taken 49,738 times
  • The average score is 6 of 6

Answer Stats

State% Correct
Maine
98%
Vermont
96%
New Hampshire
95%
Rhode Island
95%
Massachusetts
94%
Connecticut
92%

Score Distribution

Percentile by Number Answered

Percent of People with Each Score

Your Score History

You have not taken this quiz